Psychology / (Record no. 1256)
[ view plain ]
| 000 -LEADER | |
|---|---|
| fixed length control field | 00561nam a22001937a 4500 |
| 008 - FIXED-LENGTH DATA ELEMENTS--GENERAL INFORMATION | |
| fixed length control field | 151012b xxu||||| |||| 00| 0 eng d |
| 020 ## - INTERNATIONAL STANDARD BOOK NUMBER | |
| International Standard Book Number | 9780716752158 |
| 020 ## - INTERNATIONAL STANDARD BOOK NUMBER | |
| International Standard Book Number | 0716752158 |
| 041 0# - LANGUAGE CODE | |
| Language code of text/sound track or separate title | eng |
| 080 ## - UNIVERSAL DECIMAL CLASSIFICATION NUMBER | |
| Universal Decimal Classification number | 159.9 |
| 100 1# - Rafti | |
| Rafti | Schacter, Daniel L. |
| 245 10 - TITLE STATEMENT | |
| Title | Psychology / |
| Statement of responsibility, etc | Daniel L. Schacter, Daniel T. Gilbert, Daniel M. Wegner. |
| 260 ## - | |
| -- | New York : |
| -- | Worth Publishers, |
| -- | 2009. |
| 300 ## - | |
| -- | xxxii, 663, [99] f. : |
| -- | me il.; |
| -- | 26 cm. |
| 650 #0 - | |
| -- | Psikologji |
| 700 1# - | |
| -- | Gilbert, Daniel Todd. |
| 700 1# - | |
| -- | Wegner, Daniel M., |
| 942 ## - ADDED ENTRY ELEMENTS (KOHA) | |
| Source of classification or shelving scheme | |
| Item type | Books |
| Withdrawn status | Lost status | Source of classification or shelving scheme | Damaged status | Not for loan | Collection code | Permanent location | Current location | Shelving location | Date acquired | Total Checkouts | Full call number | Barcode | Date last seen | Price effective from | Koha item type |
|---|---|---|---|---|---|---|---|---|---|---|---|---|---|---|---|
| Koleksioni i përgjithshem | UBT - Lipjan | UBT - Lipjan | Koleksioni i përgjithshem | 10/12/2015 | 159.9 SCH | 002-008275 | 10/12/2015 | 10/12/2015 | Books | ||||||
| Koleksioni i përgjithshem | UBT - Lipjan | UBT - Lipjan | Koleksioni i përgjithshem | 10/12/2015 | 159.9 SCH | 002-008276 | 10/12/2015 | 10/12/2015 | Books | ||||||
| Koleksioni i përgjithshem | UBT - Lipjan | UBT - Lipjan | Koleksioni i përgjithshem | 10/12/2015 | 159.9 SCH | 002-008277 | 10/12/2015 | 10/12/2015 | Books | ||||||
| Koleksioni i përgjithshem | UBT - Lipjan | UBT - Lipjan | Koleksioni i përgjithshem | 10/12/2015 | 159.9 SCH | 002-008278 | 10/12/2015 | 10/12/2015 | Books | ||||||
| Koleksioni i përgjithshem | UBT - Lipjan | UBT - Lipjan | Koleksioni i përgjithshem | 10/05/2017 | 159.9 SCH | 002-2929000 | 10/05/2017 | 10/05/2017 | Books | ||||||
| Koleksioni i përgjithshem | UBT - Lipjan | UBT - Lipjan | Koleksioni i përgjithshem | 10/05/2017 | 159.9 SCH | 002-2929010 | 10/05/2017 | 10/05/2017 | Books |